Deutsche Fußballer in Frankreich - Statistiken

Allgemein
  • Dieses Quiz wurde 55 mal gespielt
  • Das Durchschnittsergebnis liegt bei 6 aus 25
Antwortstatistiken
Debüt in der Ligue 1 Verein(e) Position Spiele Spieler % Korrekt
2017 PSG Linksaußen 131 Julian Draxler
92%
2015 PSG; Paris FC Torwart 78 Kevin Trapp
92%
2018 AS Monaco, PSG Innenverteidiger 147 Thilo Kehrer
82%
2021 AS Monaco Torwart 76 Alexander Nübel
58%
2020 AS Monaco offensives Mittelfeld 86 Kevin Volland
58%
1992 Olympique Marseille Mittelstürmer 58 Rudi Völler
54%
1992 AS Monaco Mittelstürmer 65 Jürgen Klinsmann
48%
2014 Girondins Bordeaux Linker Verteidiger 78 Diego Contento
30%
1996 Olympique Marseille Torwart 68 Andreas Köpke
28%
1987 Olympique Marseille, Girondins Bordeaux Mittelstürmer 91 Klaus Allofs
12%
1982 Girondins Bordeaux Mittelstürmer 93 Dieter Müller
10%
1977 Girondins Bordeaux rechter Verteidiger 352 Gernot Rohr
8%
1934 RC Straßburg Stürmer 127 Oskar Rohr
8%
1986 Olympique Marseille Innenverteidiger 103 Karlheinz Förster
4%
1969 RC Straßburg Mittelfeld 56 Dieter Schurr
0%
1970 FC Nantes Linksaußen 150 Erich Maas
0%
1973 Bastia, Lille,Ajaccio Rechter Verteidiger 104 Ferdinand Heidkamp
0%
1933 SC Fives Torwart 96 Karl Dahlmeier
0%
1951 FC Nancy Zentrales Mittelfeld 48 Kurt Clemens
0%
1988 Straßburg, Toulouse Mittelstürmer 54 Peter Reichert
0%
1980 Stade Laval, AS Monaco, FC Sochaux, FC Sete 34 Mittelstürmer 214 Uwe Krause
0%
1985 Girondins Bordeaux, Stade Rennes Mittelstürmer 46 Uwe Reinders
0%
1935 FC Metz Mittelstürmer 55 Walter Hanke
0%
1984 RC Straßburg Rechtsaußen 67 Walter Kelsch
0%
1969 Straßburg Sturm 50 Wolfgang Kaniber
0%
Keine übereinstimmenden Quizze gefunden
Verteilung der Resultate
Anzahl Personen mit jedem Resultat
Perzentil nach korrekt beantworteten Fragen
Ihre Resultats-Entwicklung
Sie haben dieses Quiz noch nicht gespielt